01121pab a2200181 454500008004000000100001700040245006100057260000900118300001500127362001200142520057900154650002500733773004400758908000600802909001000808999001700818952010400835180718b2009 xxu||||| |||| 00| 0 eng d aGehlot, N.S. aRight to information act: A review of its implementation c2009 ap.711-721. aJul-Sep aIn an attempt to ensure that the right to information act is implemented effectively, it is essential that provisions of this law must reach and empower the people, including the poor. It is essentially requires people's participation in governance, government's accountability to the public and transparency in functioning of the entire system. Mere enactment of law cannot create a climate of democratic way of life until it is implemented with strong conviction. A strong will power is required from the part of the givers as well as seekers of information. - Reproduced. aRight to information aIndian Journal of Public Administration aN a84938 c84938d84938 00104070aIIPAbIIPAd2018-07-19hVolume no: 55, Issue no: 3pAR85398r2018-07-19w2018-07-19yAR